Which Picture Belongs to the Country? - Statistics

General Stats
  • This quiz has been taken 47 times
  • The average score is 9 of 15
Answer Stats
Question Answer % Correct
Australia
100%
China
90%
Spain
80%
Switzerland
70%
San Marino
70%
Germany
70%
United States
60%
Qatar
60%
Peru
60%
France
50%
Egypt
50%
Brazil
40%
Finland
40%
Thailand
40%
United Kingdom
30%
No matching quizzes found
Score Distribution
Percent of People with Each Score
Percentile by Number Answered
Your Score History
You have not taken this quiz